|
|
|
|
| LEADER |
01811nam a2200493 a 4500 |
| 001 |
nkc20142594276 |
| 003 |
CZ PrNK |
| 005 |
20140626090926.0 |
| 007 |
ta |
| 008 |
140606s2014 xr a e f 000 0 cze |
| 015 |
|
|
|a cnb002594276
|
| 020 |
|
|
|a 978-80-7375-945-2
|q (brož.)
|
| 035 |
|
|
|a (OCoLC)883373796
|
| 040 |
|
|
|a BOA001
|b cze
|d OLA001
|
| 072 |
|
7 |
|a 636
|x Chov zvířat. Živočišná výroba
|2 Konspekt
|9 24
|
| 080 |
|
|
|a 636.2
|2 MRF
|
| 080 |
|
|
|a 636.2.034
|2 MRF
|
| 080 |
|
|
|a 636.08:179.3
|2 MRF
|
| 080 |
|
|
|a 636.083.31
|2 MRF
|
| 080 |
|
|
|a (072)
|2 MRF
|
| 100 |
1 |
|
|a Zejdová, Petra
|7 uzp2012706720
|4 aut
|
| 245 |
1 |
0 |
|a Vliv stájového prostředí na chování a mléčnou užitkovost dojnic /
|c Petra Zejdová, Gustav Chládek, Daniel Falta
|
| 260 |
|
|
|a V Brně :
|b Mendelova univerzita,
|c 2014
|
| 300 |
|
|
|a 25 s. :
|b barev. il. ;
|c 25 cm
|
| 500 |
|
|
|a 60 výt.
|
| 504 |
|
|
|a Obsahuje bibliografii
|
| 650 |
0 |
7 |
|a krávy
|7 ph115025
|2 czenas
|
| 650 |
0 |
7 |
|a mléčný skot
|7 ph115335
|2 czenas
|
| 650 |
0 |
7 |
|a životní pohoda zvířat
|7 ph136873
|2 czenas
|
| 650 |
0 |
7 |
|a ustájení hospodářských zvířat
|7 ph135093
|2 czenas
|
| 650 |
0 |
9 |
|a cows
|2 eczenas
|
| 650 |
0 |
9 |
|a dairy cattle
|2 eczenas
|
| 650 |
0 |
9 |
|a animal welfare
|2 eczenas
|
| 650 |
0 |
9 |
|a livestock stabling
|2 eczenas
|
| 655 |
|
7 |
|a metodické příručky
|7 fd132826
|2 czenas
|
| 655 |
|
9 |
|a methodological manuals
|2 eczenas
|
| 700 |
1 |
|
|a Chládek, Gustav,
|d 1956-
|7 mzk2006368071
|4 aut
|
| 700 |
1 |
|
|a Falta, Daniel
|7 uzp2012706523
|4 aut
|
| 910 |
2 |
|
|a BOA001
|b 2-1328.510
|
| 990 |
|
|
|a BK
|
| 995 |
|
|
|a 01
|
| 991 |
|
|
|b 201406
|c NOV
|e n
|
| 996 |
6 |
|
|b 2610593824
|c 2-1328.510
|l MZK
|r Sklad / do 1 hodiny
|n 11
|p p.v.
|w 001428402
|u 000010
|a 1
|e BOA001
|j MZK50
|s P
|
| 996 |
7 |
|
|b 2610593825
|c 2-1328.510
|l MZK
|r Sklad / do 1 hodiny
|n 13
|p p.v.
|w 001428402
|u 000020
|a 1
|e BOA001
|j MZK50
|s A
|